|
|
|
|
| LEADER |
00000cam a2200000 7i4500 |
| 001 |
0000099430 |
| 005 |
20201118093000.0 |
| 008 |
201021s2014 my eng |
| 020 |
|
|
|a 9789670149615
|
| 040 |
|
|
|a UniSZA
|e rda
|
| 050 |
0 |
0 |
|a d7 KPG885
|b .M64 2014
|
| 090 |
0 |
0 |
|a d7 KPG885
|b .M64 2014
|
| 100 |
0 |
|
|a Mohd Johan Lee ,
|e author
|
| 245 |
1 |
0 |
|a Legal documentation for Islamic banking
|c by Mohd. Johan Lee
|
| 250 |
|
|
|a First edition
|
| 264 |
|
1 |
|a Kuala Lumpur, Malaysia :
|b IBFIM
|c c2014
|
| 300 |
|
|
|a 139 pages :
|b illustrations ;
|c 23 cm.
|
| 336 |
|
|
|a text
|2 rdacontent
|
| 337 |
|
|
|a unmediated
|2 rdamedia
|
| 338 |
|
|
|a volume
|2 rdacarrier
|
| 504 |
|
|
|a Includes bibliographical references (pages [129]-134) and index
|
| 505 |
0 |
|
|a 1. Fundamental of Shari'ah in Islamic banking -- 2. Malaysian legislation governing Islamic banking -- 3. Discussion on legal documentation of Islamic banking -- 4. Sale contracts -- 5. Leasing contracts -- 6. Equity contracts -- 7. Conclusion
|
| 650 |
|
0 |
|a Banking law (Islamic law)
|z Malaysia
|
| 999 |
|
|
|a 1000180446
|b Book
|c OPEN SHELF (30 DAYS)
|e Gong Badak Campus
|
| 999 |
|
|
|a 1000184521
|b Book
|c OPEN SHELF (30 DAYS)
|e Gong Badak Campus
|